000 00695cab a2200241 4500
001 WB2621-21
008 090401t1990 xxu||||| |||| 00| 0 eng d
035 _a(Sirsi) u65889
041 _aeng
245 _aJapan building groups up strongly
260 _c1990
350 _a0
490 _aFinancial Times
_v30/5/90 p32
520 _aJapan `s leading construction contractors have reported huge increases in profits, as the effects of the boom in domestic private sector capital spending continue to expand.
650 _aKAJIMA
650 _aKUMAGAI
650 _aOHBAYASHI
650 _aSHIMIZU
650 _aTAISEI
690 _aOVERSEAS
942 _n0
948 _c04/03/1997
999 _c41150
_d41150